Op-Amps And Linear Integrated Circuits (Record no. 165601)

MARC details
000 -LEADER
fixed length control field 00476nam a2200181Ia 4500
008 - FIXED-LENGTH DATA ELEMENTS--GENERAL INFORMATION
fixed length control field 230612s9999 xx 000 0 und d
041 ## - LANGUAGE CODE
Language code of text/sound track or separate title eng
082 ## - DEWEY DECIMAL CLASSIFICATION NUMBER
Classification number 621.3815 GAY
100 ## - MAIN ENTRY--PERSONAL NAME
Personal name Gayakwad R.A.
245 ## - TITLE STATEMENT
Title Op-Amps And Linear Integrated Circuits
250 ## - EDITION STATEMENT
Edition statement 2nd ed.
260 ## - PUBLICATION, DISTRIBUTION, ETC. (IMPRINT)
Date of publication, distribution, etc. 1988
Name of publisher, distributor, etc. Prentice Hall Of India
300 ## - PHYSICAL DESCRIPTION
Extent 622
365 ## - TRADE PRICE
Currency code Rs.
Price amount 99.00
700 ## - ADDED ENTRY--PERSONAL NAME
Personal name Gayakwad R.A.
906 ## - LOCAL DATA ELEMENT F, LDF (RLIN)
d B:92/514327-Mar-1992
c ETC
b 14.85
Holdings
Withdrawn status Lost status Damaged status Not for loan Home library Current library Date acquired Vendor Budget Code Cost, normal purchase price Bill number Total Checkouts Full call number Barcode Date last seen Date last checked out Discount Cost, replacement price Bill Date Koha item type Original Barcode
        Cummins College of Engineering for Women Pune Cummins College of Engineering for Women Pune 18/12/1992 Everest Publishing House ETC 84.15 92/5143 7 621.3815 GAY CCEP-BK-1319 02/12/2025 07/11/2025 14.85 99.00 27/03/1992 Books 001319